000 00281nam a22001337a 4500
008 210304b ||||| |||| 00| 0 eng d
020 _a9781308918235
041 _aeng
080 _a7
100 _a44
101 _aART
245 _aTheatre Appreciation
_cPSC
942 _2udc
_cBK
999 _c55744
_d55744